| 000 | 00439nam a2200181Ia 4500 | ||
|---|---|---|---|
| 001 | 15072 | ||
| 005 | 20260306165001.0 | ||
| 008 | 260306t2011||||xx |||||||||||||| ||spa|| | ||
| 041 | _aESP | ||
| 082 |
_a530 _bB28 V. 2 |
||
| 100 |
_aBauer, Wolfgang _eAUT |
||
| 245 | 0 |
_aFísica para ingeniería y ciencias: _bcon física moderna |
|
| 260 | _c2011 | ||
| 300 |
_a _c27 cm. |
||
| 650 | _aGEN | ||
| 654 | _aCCN | ||
| 942 |
_cLIB _dJUS _fJUS _2ddc _n |
||
| 999 |
_c15072 _d15072 |
||